Countries with the Largest Mafia Groups - Statistics

General Stats
  • This quiz has been taken 190 times
  • The average score is 10 of 15
Answer Stats
Mafia Country % Correct
'Ndrangheta Italy
97%
Gambino Family United States
95%
Solntsevskaya Bratva Russia
94%
Yamaguchi-gumi Japan
93%
14K Triad China
91%
Zetas Mexico
89%
Les Maffia Corse France
79%
Comando Vermelho Brazil
78%
Clan del Golfo Colombia
67%
Grey Wolves Turkey
52%
The Kukës Albania
43%
The Red Hand Ukraine
37%
The Varna Mafia Bulgaria
30%
Pink Panthers Serbia
30%
The Ruka Clan Kosovo
8%
No matching quizzes found
Score Distribution
Percent of People with Each Score
Percentile by Number Answered
Your Score History
You have not taken this quiz